Thermodynamics (Record no. 8344)

000 -LEADER
fixed length control field 00603nam a2200217 i 4500
001 - CONTROL NUMBER
control field 8344
003 - CONTROL NUMBER IDENTIFIER
control field BD-DhUET
008 - FIXED-LENGTH DATA ELEMENTS--GENERAL INFORMATION
fixed length control field 770308s1978 nyua b 001 0 eng
020 ## - INTERNATIONAL STANDARD BOOK NUMBER
International Standard Book Number 0023355301
040 ## - CATALOGING SOURCE
Original cataloging agency DLC
Transcribing agency DLC
Modifying agency BD-DhUET
082 ## - DEWEY DECIMAL CLASSIFICATION NUMBER
Classification number 621.01
Item number FAI/1970
100 ## - MAIN ENTRY--PERSONAL NAME
Personal name Faires, Virgil Moring
245 10 - TITLE STATEMENT
Title Thermodynamics
Statement of responsibility, etc. by Virgil Moring Faires and Clifford Max Simmang
250 ## - EDITION STATEMENT
Edition statement 6th ed.
260 ## - PUBLICATION, DISTRIBUTION, ETC. (IMPRINT)
Place of publication, distribution, etc. New York
Name of publisher, distributor, etc. Macmillan
Date of publication, distribution, etc. 1970
300 ## - PHYSICAL DESCRIPTION
Extent xxiii, 647 p.
Other physical details ill.
Dimensions 26 cm.
504 ## - BIBLIOGRAPHY, ETC. NOTE
Bibliography, etc Includes bibliographies
650 #0 - SUBJECT ADDED ENTRY--TOPICAL TERM
Topical term or geographic name as entry element Thermodynamics
700 ## - ADDED ENTRY--PERSONAL NAME
Personal name Simmang, Clifford Max
942 ## - ADDED ENTRY ELEMENTS (KOHA)
Koha item type General Book
Holdings
Koha full call number Source of classification or shelving scheme Withdrawn status Not for loan Lost status Piece designation (barcode) Shelving location Koha normalized classification for sorting Price effective from Damaged status Koha item type Copy number Location (home branch) Koha date last seen Date acquired Sublocation or collection (holding branch)
621.01/FAI/1978    42943Circulation section621_010000000000000_FAI_19782015-01-20 General Book1Central Library, BUET2015-01-202015-01-20Central Library, BUET
621.01 FAI/1970    63135Rental section621_010000000000000_FAI_19702024-12-11 Rental Item৬/ক-১Central Library, BUET2024-12-111985-06-11Central Library, BUET
621.01 FAI/1970    63136Rental section621_010000000000000_FAI_19702024-12-11 Rental Item৬/ক-২Central Library, BUET2024-12-111985-06-11Central Library, BUET
621.01 FAI/1970    63137Rental section621_010000000000000_FAI_19702024-12-11 Rental Item৬/ক-৩Central Library, BUET2024-12-111985-06-11Central Library, BUET
621.01 FAI/1970    63138Rental section621_010000000000000_FAI_19702024-12-11 Rental Item৬/ক-৪Central Library, BUET2024-12-111985-06-11Central Library, BUET
621.01 FAI/1970    63139Rental section621_010000000000000_FAI_19702024-12-11 Rental Item৬/ক-৫Central Library, BUET2024-12-111985-06-11Central Library, BUET
621.01 FAI/1970    63140Rental section621_010000000000000_FAI_19702024-12-11 Rental Item৬/ক-৬Central Library, BUET2024-12-111985-06-11Central Library, BUET
621.01 FAI/1970    63141Rental section621_010000000000000_FAI_19702024-12-11 Rental Item৬/ক-৭Central Library, BUET2024-12-111985-06-11Central Library, BUET
621.01 FAI/1970    63142Rental section621_010000000000000_FAI_19702024-12-11 Rental Item৬/ক-৮Central Library, BUET2024-12-111985-06-11Central Library, BUET
621.01 FAI/1970    63143Rental section621_010000000000000_FAI_19702024-12-11 Rental Item৬/ক-৯Central Library, BUET2024-12-111985-06-11Central Library, BUET
621.01 FAI/1970    63144Rental section621_010000000000000_FAI_19702024-12-11 Rental Item৬/ক-১০Central Library, BUET2024-12-111985-06-11Central Library, BUET
621.01 FAI/1970    63145Rental section621_010000000000000_FAI_19702024-12-11 Rental Item৬/ক-১১Central Library, BUET2024-12-111985-06-11Central Library, BUET
621.01 FAI/1970    63146Rental section621_010000000000000_FAI_19702024-12-11 Rental Item৬/ক-১২Central Library, BUET2024-12-111985-06-11Central Library, BUET
621.01 FAI/1970    63147Rental section621_010000000000000_FAI_19702024-12-11 Rental Item৬/ক-১৩Central Library, BUET2024-12-111985-06-11Central Library, BUET
621.01 FAI/1970    63148Rental section621_010000000000000_FAI_19702024-12-11 Rental Item৬/ক-১৪Central Library, BUET2024-12-111985-06-11Central Library, BUET
621.01 FAI/1970    63149Rental section621_010000000000000_FAI_19702024-12-11 Rental Item৬/ক-১৫Central Library, BUET2024-12-111985-06-11Central Library, BUET
621.01 FAI/1970    63150Rental section621_010000000000000_FAI_19702024-12-11 Rental Item৬/ক-১৬Central Library, BUET2024-12-111985-06-11Central Library, BUET
621.01 FAI/1970    63151Rental section621_010000000000000_FAI_19702024-12-11 Rental Item৬/ক-১৭Central Library, BUET2024-12-111985-06-11Central Library, BUET
621.01 FAI/1970    63152Rental section621_010000000000000_FAI_19702024-12-11 Rental Item৬/ক-১৮Central Library, BUET2024-12-111985-06-11Central Library, BUET
621.01 FAI/1970    63153Rental section621_010000000000000_FAI_19702024-12-11 Rental Item৬/ক-১৯Central Library, BUET2024-12-111985-06-11Central Library, BUET
621.01 FAI/1970    63154Rental section621_010000000000000_FAI_19702024-12-11 Rental Item৬/ক-২০Central Library, BUET2024-12-111985-06-11Central Library, BUET